00707nam a22002057a 450000500170000001000150001702000270003203500140005903700130007308200140008624501440010026000270024427000730027130000230034449000530036750000190042070000190043970000270045870000160048520170403130448.0 aENG-117686 a9788188629268 c750.00 aEN-101218 bDABD/PUB a333.00954 aLand rights,landed hierarchy and village community during the Mughal age /cedited by Amrita Grover, Anju Grover Chaudhary [and] J. C. Dua aDelhibOriginalsc2005 aA-6 Nimri Commercial Center,Near Ashok Vihar Phase-IVbDelhie110052 axx,341p.c23cm(Hb) aCollected works of Professor B.R. Grover ; vol-1 aIncludes index a Grover,Amrita a Grover Chaudhary,Anju a. Dua, J. C